[Event "G5-2, gruppe 2"]
[Site "Skorping"]
[Date "2017.04.13"]
[Round "1"]
[White "Aramburu, Ricardo De La Calle"]
[Black "Clausen, Hans Jorgen"]
[Result "1-0"]
[WhiteElo "1782"]
[BlackElo "1697"]
[PlyCount "101"]
[EventDate "2017.04.13"]

1. d4 b6 2. c4 e6 3. Nf3 Bb7 4. g3 Bb4+ 5. Bd2 Bxf3 6. exf3 Bxd2+ 7. Qxd2 Nf6
8. Bg2 O-O 9. O-O c6 10. Nc3 d5 11. b3 Nbd7 12. Rac1 a6 13. f4 b5 14. Rfd1 Rc8
15. c5 g6 16. f3 Nh5 17. Bf1 Ng7 18. Bd3 Qf6 19. Ne2 Qd8 20. Kg2 Qc7 21. Re1
Rfe8 22. Rcd1 f6 23. b4 e5 24. fxe5 fxe5 25. dxe5 Nxe5 26. Nd4 Qf7 27. f4 Nxd3
28. Qxd3 Ne6 29. Nf3 Qf6 30. h4 Qb2+ 31. Qd2 Qxd2+ 32. Rxd2 Kg7 33. Rde2 Kf6
34. Nd4 Nc7 35. Rxe8 Rxe8 36. Rxe8 Nxe8 37. Nxc6 Nc7 38. Nd4 h6 39. Kf3 Ne8 40.
g4 Nc7 41. g5+ hxg5 42. hxg5+ Kf7 43. Kg4 Ne8 44. f5 Nc7 45. f6 Ne8 46. Kf4
Nxf6 47. gxf6 Kxf6 48. c6 g5+ 49. Kg4 Ke7 50. Kxg5 Kd6 51. Kf5 1-0

[Event "G5-2, gruppe 2"]
[Site "Skorping"]
[Date "2017.04.13"]
[Round "1"]
[White "Hansen, Erik Hedegaard"]
[Black "Lytzen, Lars Erik"]
[Result "1-0"]
[WhiteElo "1719"]
[BlackElo "1478"]
[PlyCount "63"]
[EventDate "2017.04.13"]

1. d4 d5 2. c4 c6 3. Nc3 Nf6 4. e3 Bf5 5. Bd3 Bxd3 6. Qxd3 e6 7. Nf3 Nbd7 8.
O-O Nb6 9. b3 Be7 10. Ne5 Nbd7 11. f4 Qc7 12. Bb2 Nxe5 13. fxe5 Nd7 14. Rac1 f6
15. cxd5 exd5 16. Nxd5 Qd8 17. Nxe7 Qxe7 18. exf6 Nxf6 19. Rc5 O-O-O 20. Qf5+
Kb8 21. Qe5+ Qxe5 22. Rxe5 Nd7 23. Re7 g6 24. Rff7 Kc7 25. d5 Rhe8 26. Rxh7
Rxe7 27. Rxe7 Kd6 28. Re6+ Kxd5 29. Rxg6 Ke4 30. Re6+ Kd3 31. Rd6+ Kc2 32. Bf6
1-0

[Event "G5-2, gruppe 2"]
[Site "Skorping"]
[Date "2017.04.14"]
[Round "2"]
[White "Schmidt, Kim"]
[Black "Aramburu, Ricardo De La Calle"]
[Result "0-1"]
[WhiteElo "1738"]
[BlackElo "1782"]
[PlyCount "68"]
[EventDate "2017.04.13"]

1. e4 c6 2. d4 d5 3. exd5 cxd5 4. Bd3 Nf6 5. Ne2 Nc6 6. c3 e6 7. Nd2 Bd6 8. Nf3
h6 9. Bf4 Bxf4 10. Nxf4 Qd6 11. Ne2 O-O 12. O-O Bd7 13. Qd2 e5 14. dxe5 Nxe5
15. Nxe5 Qxe5 16. Qf4 Rfe8 17. Qxe5 Rxe5 18. Nd4 Rae8 19. Nf3 R5e7 20. Rfe1 Ne4
21. Bxe4 dxe4 22. Nd4 f5 23. Rac1 Kf7 24. Rc2 Kf6 25. Rd2 f4 26. Rde2 g5 27. f3
e3 28. Kh1 Bf5 29. Rd1 Rd8 30. Kg1 Bg6 31. Ree1 a6 32. Kf1 Be8 33. a3 Bb5+ 34.
Nxb5 e2+ 0-1

[Event "G5-2, gruppe 2"]
[Site "Skorping"]
[Date "2017.04.14"]
[Round "2"]
[White "Ankersen, Michael"]
[Black "Jensen, Jan Kargaard"]
[Result "1/2-1/2"]
[WhiteElo "1663"]
[BlackElo "1713"]
[PlyCount "69"]
[EventDate "2017.04.13"]

1. d4 d5 2. c4 e6 3. Nc3 Nf6 4. Bg5 Nbd7 5. Nf3 c6 6. e3 Qa5 7. a3 Ne4 8. Qc2
Bb4 9. Rc1 Bxc3+ 10. bxc3 Qxa3 11. Bd3 Ndf6 12. cxd5 exd5 13. Bxf6 Nxf6 14. Ng5
Bg4 15. h3 Bh5 16. e4 Bg6 17. O-O dxe4 18. Nxe4 Nxe4 19. Bxe4 O-O 20. f3 Qd6
21. Rfd1 Rfe8 22. Re1 Re7 23. Re2 Rae8 24. Rce1 Kf8 25. Qa4 f5 26. Bd3 Rxe2 27.
Rxe2 Rxe2 28. Bxe2 Qe7 29. Kf1 b5 30. Qa6 Qc7 31. Kf2 f4 32. Kf1 Bf5 33. Qa3+
Ke8 34. Qc5 Qd7 35. Qe5+ 1/2-1/2

[Event "G5-2, gruppe 2"]
[Site "Skorping"]
[Date "2017.04.14"]
[Round "2"]
[White "Clausen, Hans Jorgen"]
[Black "Haarup, Anders"]
[Result "1-0"]
[WhiteElo "1697"]
[BlackElo "1663"]
[PlyCount "89"]
[EventDate "2017.04.13"]

1. d4 d5 2. Nf3 Nc6 3. e3 Bg4 4. c4 e6 5. c5 Nf6 6. Bb5 a6 7. Bxc6+ bxc6 8. Qa4
Qd7 9. Ne5 Qc8 10. Qxc6+ Ke7 11. Bd2 Ra7 12. Ba5 Qe8 13. Nc3 Qxc6 14. Nxc6+ Kd7
15. Nxa7 Be7 16. b4 Ra8 17. Nab5 axb5 18. Nxb5 c6 19. Nc3 Bf5 20. O-O Bd3 21.
Rfc1 Kc8 22. Bb6 Nd7 23. Ba5 e5 24. g3 exd4 25. exd4 Bf6 26. Re1 Bxd4 27. Re8+
Kb7 28. Rxa8 Bxc3 29. Rd1 Be2 30. Rc1 Kxa8 31. Rxc3 Bg4 32. Re3 Be6 33. Bc7 h5
34. Bd6 g6 35. a4 Kb7 36. b5 cxb5 37. axb5 Kc8 38. Ra3 d4 39. c6 Nb6 40. Bc5
Nc4 41. Ra8+ Kc7 42. Ra7+ Kc8 43. Bxd4 Nd6 44. Be5 Kb8 45. Rb7+ 1-0

[Event "G5-2, gruppe 2"]
[Site "Skorping"]
[Date "2017.04.14"]
[Round "2"]
[White "Lytzen, Lars Erik"]
[Black "Hermansen, Mogens"]
[Result "1/2-1/2"]
[WhiteElo "1478"]
[BlackElo "1667"]
[PlyCount "63"]
[EventDate "2017.04.13"]

1. Nf3 d5 2. d4 e6 3. Bf4 Nf6 4. g3 c5 5. Bg2 Nc6 6. c3 Be7 7. O-O O-O 8. Nbd2
cxd4 9. Nxd4 Bd7 10. Nxc6 Bxc6 11. Nf3 Qb6 12. Qc2 a5 13. Be3 Bc5 14. Bxc5 Qxc5
15. Rfe1 Rac8 16. Rad1 b5 17. Qd2 Ne4 18. Qd4 Qe7 19. Ne5 Nf6 20. Ng4 Nxg4 21.
Qxg4 Bd7 22. Qd4 a4 23. a3 Rc4 24. Qd2 f5 25. e3 Rd8 26. Bf1 Rc7 27. Qd4 Qc5
28. Qxc5 Rxc5 29. Bg2 Kf7 30. Rd4 Kf6 31. Red1 Rc4 32. Bf1 1/2-1/2

[Event "G5-2, gruppe 2"]
[Site "Skorping"]
[Date "2017.04.15"]
[Round "3"]
[White "Aramburu, Ricardo De La Calle"]
[Black "Pontoppidan, Erik"]
[Result "1-0"]
[WhiteElo "1782"]
[BlackElo "1746"]
[PlyCount "27"]
[EventDate "2017.04.13"]

1. d4 Nf6 2. c4 g6 3. Nc3 Bg7 4. e4 d6 5. f3 O-O 6. Be3 Nbd7 7. Qc2 c6 8. O-O-O
Qa5 9. Kb1 a6 10. g4 b5 11. h4 Rb8 12. h5 gxh5 13. gxh5 bxc4 14. h6 1-0

[Event "G5-2, gruppe 2"]
[Site "Skorping"]
[Date "2017.04.15"]
[Round "3"]
[White "Jensen, Jan Kargaard"]
[Black "Schmidt, Kim"]
[Result "1/2-1/2"]
[WhiteElo "1713"]
[BlackElo "1738"]
[PlyCount "48"]
[EventDate "2017.04.13"]

1. Nf3 c5 2. b3 Nc6 3. Bb2 d5 4. d4 cxd4 5. Nxd4 Nxd4 6. Qxd4 Nf6 7. e3 Bd7 8.
c4 Bc6 9. f3 e6 10. Nc3 dxc4 11. Qxd8+ Rxd8 12. Bxc4 Bc5 13. Ke2 O-O 14. Rad1
Rfe8 15. Nb5 Nd5 16. Nd4 Kf8 17. Nxc6 bxc6 18. Bxd5 exd5 19. Bd4 Bb6 20. Bxb6
axb6 21. Kd3 Ke7 22. Rc1 Kd6 23. Rc2 Rc8 24. Rhc1 Rc7 1/2-1/2

[Event "G5-2, gruppe 2"]
[Site "Skorping"]
[Date "2017.04.15"]
[Round "3"]
[White "Hansen, Erik Hedegaard"]
[Black "Ankersen, Michael"]
[Result "1-0"]
[WhiteElo "1719"]
[BlackElo "1663"]
[PlyCount "51"]
[EventDate "2017.04.13"]

1. d4 Nf6 2. c4 e6 3. Nc3 Bb4 4. Nf3 d5 5. e3 c5 6. a3 cxd4 7. Nxd4 Bxc3+ 8.
bxc3 Nc6 9. Bd3 Ne5 10. cxd5 Nxd3+ 11. Qxd3 Nxd5 12. O-O O-O 13. e4 Ne7 14. Qg3
Qa5 15. Bf4 Ng6 16. Bc7 Qa4 17. h4 Bd7 18. h5 Ne7 19. Bd6 Rfe8 20. Be5 g6 21.
Qg5 Nc6 22. Nxc6 Qxc6 23. Qf6 Kf8 24. Qg7+ Ke7 25. Qf6+ Kf8 26. Rad1 1-0

[Event "G5-2, gruppe 2"]
[Site "Skorping"]
[Date "2017.04.15"]
[Round "3"]
[White "Hermansen, Mogens"]
[Black "Starup, Leo"]
[Result "0-1"]
[WhiteElo "1667"]
[BlackElo "1629"]
[PlyCount "62"]
[EventDate "2017.04.13"]

1. d4 Nf6 2. Nf3 d5 3. e3 Bg4 4. Be2 e6 5. O-O Bd6 6. Nbd2 Nbd7 7. c4 c6 8. h3
Bh5 9. Qc2 Rc8 10. c5 Bb8 11. Re1 O-O 12. Bd3 b6 13. b4 e5 14. dxe5 Nxe5 15.
Nxe5 Bxe5 16. Bb2 Bxb2 17. Qxb2 bxc5 18. bxc5 Rb8 19. Qc2 Re8 20. Nb3 Ne4 21.
Nd4 Qf6 22. Rf1 h6 23. Rab1 Bg6 24. Rxb8 Rxb8 25. Bxe4 Bxe4 26. Qa4 Qg6 27. g3
Bd3 28. Nxc6 Re8 29. Nd4 Rxe3 30. Kh2 Bxf1 31. Qd1 Rd3 0-1

[Event "G5-2, gruppe 2"]
[Site "Skorping"]
[Date "2017.04.16"]
[Round "4"]
[White "Hansen, Erik Hedegaard"]
[Black "Aramburu, Ricardo De La Calle"]
[Result "0-1"]
[WhiteElo "1719"]
[BlackElo "1782"]
[PlyCount "60"]
[EventDate "2017.04.13"]

1. d4 d5 2. c4 c6 3. Nf3 Nf6 4. Nc3 e6 5. e3 Bd6 6. Bd3 Nbd7 7. O-O O-O 8. e4
e5 9. Bg5 dxc4 10. Bxc4 h6 11. Bh4 Re8 12. Qb3 Qe7 13. d5 Nc5 14. Qc2 Bg4 15.
Nd2 Bh5 16. b4 Ncd7 17. b5 c5 18. Bd3 Nf8 19. Nc4 Ng6 20. Be2 Nxh4 21. Bxh5
Nxh5 22. g3 Ng6 23. Rae1 Rad8 24. Ne3 Qd7 25. Nf5 Ne7 26. f4 Nxf5 27. exf5 exf4
28. g4 Nf6 29. Qg2 Rxe1 30. Rxe1 Re8 0-1

[Event "G5-2, gruppe 2"]
[Site "Skorping"]
[Date "2017.04.16"]
[Round "4"]
[White "Pontoppidan, Erik"]
[Black "Jensen, Jan Kargaard"]
[Result "1/2-1/2"]
[WhiteElo "1746"]
[BlackElo "1713"]
[PlyCount "67"]
[EventDate "2017.04.13"]

1. d4 d5 2. c4 e6 3. Nc3 Nf6 4. Bg5 Nbd7 5. e3 c6 6. Nf3 Be7 7. Bd3 dxc4 8.
Bxc4 Nd5 9. Bxe7 Qxe7 10. O-O Nxc3 11. bxc3 e5 12. Nd2 O-O 13. Qh5 exd4 14.
exd4 Nf6 15. Qg5 Qd6 16. h3 Be6 17. Bxe6 Qxe6 18. Rfe1 Qd7 19. Nf3 Rfe8 20. Ne5
Qd5 21. Qh4 Rad8 22. Re3 c5 23. Nf3 Rxe3 24. fxe3 Re8 25. Ne5 cxd4 26. exd4 Ne4
27. Qe1 Rc8 28. Nf3 f6 29. Rc1 Kf7 30. Rc2 b5 31. Re2 Re8 32. Nd2 Nd6 33. Rxe8
Nxe8 34. Nb3 1/2-1/2

[Event "G5-2, gruppe 2"]
[Site "Skorping"]
[Date "2017.04.16"]
[Round "4"]
[White "Ankersen, Michael"]
[Black "Lytzen, Lars Erik"]
[Result "1-0"]
[WhiteElo "1663"]
[BlackElo "1478"]
[PlyCount "49"]
[EventDate "2017.04.13"]

1. d4 d5 2. c4 c6 3. cxd5 cxd5 4. Nc3 Nf6 5. Bg5 e6 6. a3 g6 7. Nf3 Bg7 8. e3
a6 9. Be2 Nbd7 10. O-O b5 11. b4 Qc7 12. Rc1 Qd8 13. a4 bxa4 14. Nxa4 Bb7 15.
Nc5 Nxc5 16. bxc5 Bc6 17. Ne5 Qc7 18. Rb1 O-O 19. Nxc6 Qxc6 20. Rb6 Qc8 21. Qa4
Nd7 22. Rxa6 f6 23. Bh4 e5 24. Rxa8 Qxa8 25. Qxd7 1-0

[Event "G5-2, gruppe 2"]
[Site "Skorping"]
[Date "2017.04.16"]
[Round "4"]
[White "Clausen, Hans Jorgen"]
[Black "Starup, Leo"]
[Result "0-1"]
[WhiteElo "1697"]
[BlackElo "1629"]
[PlyCount "62"]
[EventDate "2017.04.13"]

1. d4 Nf6 2. Nf3 d5 3. e3 Bg4 4. c4 e6 5. c5 Be7 6. Qa4+ c6 7. Be2 O-O 8. Nc3
Qc7 9. Ne5 Bxe2 10. Nxe2 Nbd7 11. Nxd7 Nxd7 12. O-O Bf6 13. b4 b5 14. Qc2 a5
15. Bd2 axb4 16. Bxb4 Ra4 17. a3 Rfa8 18. Nc3 R4a6 19. Ne2 e5 20. Rfd1 e4 21.
Ra2 Bg5 22. Rda1 Qb7 23. Qb3 Nb8 24. a4 bxa4 25. Rxa4 Rxa4 26. Rxa4 Rxa4 27.
Qxa4 Na6 28. Be1 Bd8 29. Nf4 Nc7 30. g3 Nb5 31. Ba5 Qa7 0-1

[Event "G5-2, gruppe 2"]
[Site "Skorping"]
[Date "2017.04.16"]
[Round "4"]
[White "Haarup, Anders"]
[Black "Hermansen, Mogens"]
[Result "0-1"]
[WhiteElo "1663"]
[BlackElo "1667"]
[PlyCount "120"]
[EventDate "2017.04.13"]

1. d4 d5 2. Bg5 h6 3. Bh4 Nd7 4. e3 Ngf6 5. c4 c6 6. Nc3 Qa5 7. Qa4 Qxa4 8.
Nxa4 dxc4 9. Nf3 e6 10. a3 b5 11. Nc3 Nd5 12. Nxd5 cxd5 13. Be2 Be7 14. Bxe7
Kxe7 15. O-O Bb7 16. b3 a5 17. a4 cxb3 18. Bxb5 Ba6 19. Bxa6 Rxa6 20. Rfb1 Rb6
21. Kf1 Rc8 22. Ke2 b2 23. Ra2 Rc1 24. Rbxb2 Rxb2+ 25. Rxb2 Ra1 26. Kd3 Rxa4
27. Nd2 e5 28. Rb7 e4+ 29. Kc3 Ke6 30. Nb3 Rc4+ 31. Kb2 a4 32. Nd2 Rc6 33. Ka3
Rc2 34. Rb2 Rxb2 35. Kxb2 Nb6 36. Ka3 Kd6 37. Kb4 Kc6 38. Nb1 Nc4 39. Kxa4 Nb2+
40. Kb4 Nd1 41. Kb3 Nxf2 42. h3 Nd1 43. g4 Nxe3 44. Kc3 Nc4 45. Kc2 g5 46. Nc3
Nd6 47. Kd2 f5 48. Ke3 f4+ 49. Kf2 Nb5 50. Ne2 f3 51. Ng3 Nxd4 52. Ke3 Kc5 53.
Kf2 Ne6 54. Nf5 Nf4 55. h4 gxh4 56. Nxh4 Nh3+ 57. Kf1 d4 58. Nf5 e3 59. Nxh6
Nf4 60. Nf5 e2+ 0-1

[Event "G5-2, gruppe 2"]
[Site "Skorping"]
[Date "2017.04.17"]
[Round "5"]
[White "Aramburu, Ricardo De La Calle"]
[Black "Jensen, Jan Kargaard"]
[Result "1/2-1/2"]
[WhiteElo "1782"]
[BlackElo "1713"]
[PlyCount "97"]
[EventDate "2017.04.13"]

1. d4 d5 2. c3 Nf6 3. Nf3 e6 4. Bg5 Nbd7 5. e3 Bd6 6. Be2 c6 7. Nbd2 e5 8. dxe5
Nxe5 9. Qc2 Nxf3+ 10. Nxf3 Qe7 11. O-O a6 12. Rfd1 h6 13. Bh4 g5 14. Bg3 Bxg3
15. hxg3 O-O 16. c4 Be6 17. cxd5 Nxd5 18. a3 Rad8 19. Nd4 Nb6 20. Qe4 Qf6 21.
Bd3 Rfe8 22. Qh7+ Kf8 23. Bf5 Rxd4 24. Bxe6 Rxd1+ 25. Rxd1 Rxe6 26. a4 Rd6 27.
Rxd6 Qxd6 28. a5 Nc4 29. Qh8+ Ke7 30. Qc8 Nxa5 31. Qf5 b5 32. Qc8 c5 33. Qa8 c4
34. Qe4+ Qe6 35. Qd4 Qd6 36. Qe4+ Qe6 37. Qd4 Nc6 38. Qb6 b4 39. Qc5+ Kf6 40.
g4 a5 41. f4 Kg7 42. fxg5 hxg5 43. Qxa5 Qg6 44. Qc5 Qb1+ 45. Kh2 Qxb2 46. Qxc6
c3 47. Qc5 c2 48. Qxg5+ Kf8 49. Qd8+ 1/2-1/2

[Event "G5-2, gruppe 2"]
[Site "Skorping"]
[Date "2017.04.17"]
[Round "5"]
[White "Ankersen, Michael"]
[Black "Pontoppidan, Erik"]
[Result "1-0"]
[WhiteElo "1663"]
[BlackElo "1746"]
[PlyCount "71"]
[EventDate "2017.04.13"]

1. d4 Nf6 2. c4 d6 3. Nc3 g6 4. Bg5 Bg7 5. h3 Nbd7 6. Nf3 O-O 7. e4 c6 8. Bd3
e5 9. d5 Nc5 10. O-O h6 11. Bh4 Qc7 12. b4 Nxd3 13. Qxd3 Nh5 14. Bg3 Nxg3 15.
fxg3 Qb6+ 16. Kh1 Qxb4 17. Rab1 Qa5 18. Rfc1 c5 19. Rb5 Qd8 20. Rcb1 b6 21. a4
Bd7 22. R5b3 f5 23. Nd2 Qc7 24. exf5 gxf5 25. g4 fxg4 26. hxg4 Bxg4 27. Nce4
Qe7 28. Qg3 Bf5 29. a5 Qf7 30. axb6 Qh5+ 31. Kg1 Bxe4 32. Nxe4 Qe2 33. b7 Rab8
34. Nxd6 e4 35. Nf5 Rf7 36. Qxb8+ 1-0

[Event "G5-2, gruppe 2"]
[Site "Skorping"]
[Date "2017.04.17"]
[Round "5"]
[White "Starup, Leo"]
[Black "Schmidt, Kim"]
[Result "0-1"]
[WhiteElo "1629"]
[BlackElo "1738"]
[PlyCount "52"]
[EventDate "2017.04.13"]

1. e4 c5 2. Nf3 Nc6 3. d4 cxd4 4. Nxd4 e6 5. Be2 Be7 6. Nc3 a6 7. Be3 Nf6 8. f3
Qc7 9. Qd2 b5 10. a3 Bb7 11. O-O O-O 12. Nxc6 dxc6 13. b4 Rfd8 14. Qe1 c5 15.
bxc5 Bxc5 16. Qf2 Bxe3 17. Qxe3 Rac8 18. Rfd1 h6 19. Rxd8+ Rxd8 20. Rd1 Rxd1+
21. Bxd1 Nd7 22. Ne2 Nb6 23. Nc1 Nc4 24. Qc3 Qc5+ 25. Kh1 Qf2 26. Be2 Ne3 0-1

[Event "G5-2, gruppe 2"]
[Site "Skorping"]
[Date "2017.04.17"]
[Round "5"]
[White "Hermansen, Mogens"]
[Black "Clausen, Hans Jorgen"]
[Result "0-1"]
[WhiteElo "1667"]
[BlackElo "1697"]
[PlyCount "84"]
[EventDate "2017.04.13"]

1. d4 b6 2. Nf3 Bb7 3. e3 e6 4. Be2 g6 5. O-O Bg7 6. c4 Ne7 7. Nc3 O-O 8. Bd2
d6 9. Rc1 Nd7 10. Qb3 c5 11. d5 exd5 12. Nxd5 Nxd5 13. cxd5 Nf6 14. Bc4 a6 15.
Bc3 b5 16. Bxf6 Bxf6 17. Be2 Rb8 18. e4 Qe7 19. Qc2 Rfe8 20. Nd2 Bxd5 21. Bf3
Bb7 22. Rfe1 Bg5 23. Rcd1 Bxd2 24. Qxd2 Red8 25. h3 Qf8 26. Qf4 Qe7 27. Re2 Qe5
28. Qc1 c4 29. Red2 Bxe4 30. Bxe4 Qxe4 31. Rxd6 Rxd6 32. Rxd6 Ra8 33. Qd1 h5
34. f3 Qe3+ 35. Kh2 Qe5+ 36. Kg1 Qxb2 37. Qd5 Rf8 38. Rxa6 c3 39. Qd4 Qb1+ 40.
Kh2 c2 41. Qd5 c1=Q 42. Rxg6+ Qxg6 0-1